Statistics for Southernmost City by Country

Click here to take the quiz!

General Stats

  • This quiz has been taken 23 times
  • The average score is 16 of 24

Answer Stats

HintAnswer% Correct
United StatesHonolulu
95%
FranceMarseille
95%
Saudi ArabiaMecca
81%
AustraliaMelbourne
81%
BelgiumBrussels
76%
MyanmarYangon
76%
KazakhstanAlmaty
71%
South KoreaBusan
71%
PakistanKarachi
71%
GermanyMunich
71%
CanadaToronto
71%
ColombiaCali
67%
SpainMalaga
67%
UkraineOdessa
67%
TurkeyAntalya
62%
BangladeshChittagong
62%
ItalyNaples
62%
NigeriaPort Harcourt
62%
BrazilPorto Alegre
62%
United KingdomSouthampton
62%
South AfricaPort Elizabeth
57%
IraqBasra
52%
PhilippinesDavao
48%
ChinaHaikou
29%

Score Distribution

Percentile by Number Answered

Percent of People with Each Score

Your Score History

You have not taken this quiz